00489nam a2200157Ia 450000500170000000800410001702000150005808200130007310000150008624500610010126000380016230000120020094200060021295200980021899900150031620250624034303.0240331s9999 xx 000 0 und d a9559513624 bDECa340 aDe Costa,J 0aSri Lankawe roma landesi neethiya saha engreesi neethiya aColombobJayatissa De Costac1993 a62 p ., cL 001040708LaWERCLbWERCLcSSCd2024-03-31l0o 340.54 DECp3347r2024-03-31w2024-03-31yL c5094d5094